000 00544nam a22001817a 4500
003 OSt
005 20260302084632.0
008 260204b |||||||| |||| 00| 0 eng d
020 _a978-59020-285-2
040 _aDWCL-Main Lib
_cOC
082 _aFil. 959.9 F817 2010
100 _aFrancia, Luis H.
245 _aA history of the Philippines : from Indios to Bravos to Filipino /
260 _aNew York :
_bThe Overlook Press,
_cc2010
300 _a352 p. :
_b ill. ;
_c23 cm
650 _aPhilippine history.
942 _2ddc
_cBK - FIL
_mFil.
_n0
999 _c8269
_d8269